[Event "Holguin Province-ch sf"]
[Site "Holguin"]
[Date "2018.09.09"]
[Round "5"]
[White "Gonzalez Pina, Evelyn"]
[Black "Cespedes Bejerano, Jose Angel"]
[Result "0-1"]
[WhiteElo "1931"]
[BlackElo "2080"]
[PlyCount "70"]
[EventDate "2018.09.07"]
[EventType "swiss"]
[EventRounds "7"]
[EventCountry "CUB"]
[SourceTitle "EXT 2021"]
[Source "ChessBase"]
[SourceDate "2020.10.23"]
[SourceVersion "1"]
[SourceVersionDate "2020.10.23"]
[SourceQuality "1"]

1. e4 c5 2. Nf3 e6 3. d4 cxd4 4. Nxd4 Nf6 5. Nc3 Nc6 6. a3 a6 7. Be2 Be7 8. 0-0 0-0 9. Be3 Qc7 10. Qd2 b5 11. f4 b4 12. axb4 Bxb4 13. Bf3 Rb8 14. e5 Nd5 15. Bxd5 exd5 16. Qd3 Ne7 17. Bd2 Bc5 18. Kh1 Bb7 19. Nf5 Nxf5 20. Qxf5 Qc6 21. Qg4 f5 22. exf6 Rxf6 23. f5 h5 24. Qa4 d4 25. Qxc6 Bxc6 26. Nd1 Rbf8 27. b4 Rxf5 28. Rxf5 Rxf5 29. Kg1 Ba7 30. h3 Bb5 31. g3 Rf1+ 32. Kg2 Be2 33. b5 Rxd1 34. Rxa6 Rxd2 35. Rxa7 Bxb5+ 0-1

[Event "Adelquis Remon Memorial-H"]
[Site "Holguin"]
[Date "2017.11.07"]
[Round "10.2"]
[White "Gonzalez Pina, Evelyn"]
[Black "Cabrera Gonzalez, Maximo Ariel"]
[Result "1-0"]
[WhiteElo "1846"]
[BlackElo "1904"]
[PlyCount "77"]
[EventDate "2017.11.02"]
[EventType "tourn"]
[EventRounds "10"]
[EventCountry "CUB"]
[SourceTitle "EXT 2023"]
[Source "ChessBase"]
[SourceDate "2022.10.05"]
[SourceVersion "1"]
[SourceVersionDate "2022.10.05"]
[SourceQuality "1"]

1. e4 e5 2. Nf3 Nc6 3. Bb5 a6 4. Ba4 Nf6 5. 0-0 Be7 6. d3 b5 7. Bb3 0-0 8. Re1 d6 9. c3 Na5 10. Bc2 c5 11. Nbd2 Nc6 12. Nf1 h6 13. Ng3 Re8 14. h3 Bf8 15. Nh2 Ne7 16. Qf3 Ng6 17. Ng4 Nxg4 18. hxg4 Nh4 19. Qe2 d5 20. Nf5 Nxf5 21. gxf5 Bb7 22. Qg4 Qf6 23. Re3 d4 24. Rh3 Kh7 25. Bg5 Qc6 26. Bxh6 Kg8 27. Bg5 f6 28. Bh6 Re7 29. g3 dxc3 30. bxc3 Rc7 31. Kg2 Bd6 32. Rah1 Kf8 33. Bd2 Ke8 34. Rh8+ Bf8 35. Rxf8+ Kxf8 36. Rh8+ Ke7 37. Qxg7+ Kd6 38. Qxf6+ Kd7 39. Qf7+ 1-0

[Event "Adelquis Remon Memorial-H"]
[Site "Holguin"]
[Date "2017.11.04"]
[Round "5.2"]
[White "Cabrera Gonzalez, Maximo Ariel"]
[Black "Gonzalez Pina, Evelyn"]
[Result "1-0"]
[WhiteElo "1904"]
[BlackElo "1846"]
[PlyCount "65"]
[EventDate "2017.11.02"]
[EventType "tourn"]
[EventRounds "10"]
[EventCountry "CUB"]
[SourceTitle "EXT 2023"]
[Source "ChessBase"]
[SourceDate "2022.10.05"]
[SourceVersion "1"]
[SourceVersionDate "2022.10.05"]
[SourceQuality "1"]

1. e4 c5 2. Nf3 e6 3. d4 cxd4 4. Nxd4 a6 5. Bd3 Bc5 6. Nb3 Be7 7. c4 d6 8. 0-0 Nf6 9. Nc3 Nc6 10. Be3 0-0 11. Rc1 Ne5 12. Be2 b6 13. f3 Qc7 14. Qe1 Bb7 15. Qf2 Ned7 16. Nd4 Rab8 17. b4 Rfc8 18. Nb3 Ba8 19. Rc2 Bb7 20. Rfc1 Qd8 21. a4 a5 22. bxa5 bxa5 23. Nb5 Bc6 24. N3d4 Ba8 25. Na7 Rb4 26. Nxc8 Qxc8 27. Bd2 Rxa4 28. Nb5 Nc5 29. Rb2 Qc6 30. Qe3 Bd8 31. Nd4 Qd7 32. Bd1 e5 33. Ne2 1-0

[Event "Chessung Gp5 (Women)"]
[Site "Guantanamo"]
[Date "2017.02.20"]
[Round "7.1"]
[White "Gonzalez Pina, Evelyn"]
[Black "Del Rosario Silva, Dexnisi"]
[Result "0-1"]
[WhiteElo "1690"]
[BlackElo "1773"]
[PlyCount "96"]
[EventDate "2017.02.16"]
[EventType "tourn"]
[EventRounds "10"]
[EventCountry "CUB"]
[SourceTitle "EXT 2023"]
[Source "ChessBase"]
[SourceDate "2022.10.05"]
[SourceVersion "1"]
[SourceVersionDate "2022.10.05"]
[SourceQuality "1"]

1. e4 d6 2. d4 Nf6 3. Nc3 c6 4. Nf3 Bg4 5. Be2 e6 6. Be3 d5 7. e5 Nfd7 8. Nd2 Bxe2 9. Nxe2 c5 10. c3 Nc6 11. a3 a5 12. a4 c4 13. Rb1 Be7 14. 0-0 0-0 15. b3 Nb6 16. Qc2 f6 17. Nf4 Qd7 18. bxc4 Nxc4 19. Nxc4 dxc4 20. exf6 Bxf6 21. Qe2 Ne7 22. Qxc4 Nd5 23. Nxd5 exd5 24. Qb5 Rf7 25. Qxd7 Rxd7 26. Rb5 Bd8 27. Re1 Kf7 28. Kf1 Rc8 29. Bd2 Rc4 30. Re5 Rxa4 31. Rbxd5 Ra1+ 32. Ke2 Rxd5 33. Rxd5 Ke8 34. Rb5 b6 35. d5 a4 36. c4 a3 37. Bc3 Ra2+ 38. Kf3 Rc2 39. Bxg7 a2 40. Rb4 Kd7 41. Ra4 Kd6 42. g3 Bg5 43. h4 Bd2 44. Bd4 Be1 45. g4 Rd2 46. Bxb6 Rb2 47. Bd4 Rd2 48. Bc3 Rd1 0-1

[Event "Chessung Gp5 (Women)"]
[Site "Guantanamo"]
[Date "2017.02.19"]
[Round "6.3"]
[White "Gonzalez Pina, Evelyn"]
[Black "Bosch Valls, Leannet Mariah"]
[Result "1-0"]
[WhiteElo "1690"]
[BlackElo "1891"]
[PlyCount "55"]
[EventDate "2017.02.16"]
[EventType "tourn"]
[EventRounds "10"]
[EventCountry "CUB"]
[SourceTitle "EXT 2023"]
[Source "ChessBase"]
[SourceDate "2022.10.05"]
[SourceVersion "1"]
[SourceVersionDate "2022.10.05"]
[SourceQuality "1"]

1. e4 e5 2. Nf3 Nc6 3. Bb5 a6 4. Ba4 d6 5. c3 f5 6. exf5 Bxf5 7. 0-0 Be7 8. d4 b5 9. Bc2 e4 10. Re1 d5 11. Ne5 Nxe5 12. dxe5 Bc5 13. Be3 Bxe3 14. Rxe3 Nh6 15. Qh5+ Bg6 16. Qe2 0-0 17. Nd2 Qe8 18. f4 Rxf4 19. a4 Rb8 20. g3 Rf8 21. axb5 axb5 22. Bb3 Rd8 23. Nxe4 Qxe5 24. Nc5 Qf5 25. Ne6 Ng4 26. Nxf8 Rxf8 27. Bxd5+ Kh8 28. Rf3 1-0

[Event "Camaguey 503 op"]
[Site "Camaguey"]
[Date "2017.02.06"]
[Round "9.2"]
[White "Obregon Garcia, Roxangel"]
[Black "Gonzalez Pina, Evelyn"]
[Result "1-0"]
[WhiteElo "1953"]
[BlackElo "1690"]
[PlyCount "71"]
[EventDate "2017.02.01"]
[EventType "swiss"]
[EventRounds "9"]
[EventCountry "CUB"]
[SourceTitle "EXT 2023"]
[Source "ChessBase"]
[SourceDate "2022.10.05"]
[SourceVersion "1"]
[SourceVersionDate "2022.10.05"]
[SourceQuality "1"]

1. e4 c5 2. Nf3 e6 3. d4 cxd4 4. Nxd4 a6 5. Bd3 Bc5 6. Nb3 Be7 7. Be3 Nf6 8. c4 d6 9. Nc3 b6 10. 0-0 Bb7 11. f3 Nbd7 12. Rc1 0-0 13. a4 Qc7 14. Nd4 Ne5 15. Be2 Nc6 16. Nd5 Qd8 17. Nxc6 Bxc6 18. Bxb6 Qd7 19. Nxe7+ Qxe7 20. a5 Rfc8 21. b4 Nd7 22. Bd4 Rcb8 23. Rb1 Bb7 24. Qd2 Rc8 25. Rfd1 Re8 26. Bf1 Rac8 27. Ba1 d5 28. cxd5 exd5 29. exd5 Qd6 30. Rbc1 Rxc1 31. Rxc1 Qe7 32. d6 Qe6 33. Rc7 Bd5 34. Ra7 Nb8 35. Qg5 g6 36. Qh6 1-0

[Event "Camaguey 503 op"]
[Site "Camaguey"]
[Date "2017.02.04"]
[Round "7.1"]
[White "Gonzalez Pina, Evelyn"]
[Black "Bosch Valls, Leannet Mariah"]
[Result "1/2-1/2"]
[WhiteElo "1690"]
[BlackElo "1891"]
[PlyCount "73"]
[EventDate "2017.02.01"]
[EventType "swiss"]
[EventRounds "9"]
[EventCountry "CUB"]
[SourceTitle "EXT 2023"]
[Source "ChessBase"]
[SourceDate "2022.10.05"]
[SourceVersion "1"]
[SourceVersionDate "2022.10.05"]
[SourceQuality "1"]

1. e4 e5 2. Nf3 Nc6 3. Bb5 a6 4. Ba4 d6 5. c3 f5 6. d3 Be7 7. Bxc6+ bxc6 8. Qa4 Nf6 9. Qxc6+ Bd7 10. Qc4 h6 11. a4 Qc8 12. exf5 Bxf5 13. d4 Be6 14. Qe2 e4 15. Nh4 Bf7 16. g3 0-0 17. Be3 Bh5 18. Qd2 Ng4 19. Ng2 Nxe3 20. Nxe3 Bf3 21. Rf1 Qd7 22. Qc2 Bg5 23. Nd2 Rae8 24. h4 Bxe3 25. fxe3 Qg4 26. Nxf3 Qxg3+ 27. Qf2 Qxf2+ 28. Rxf2 exf3 29. Kd2 Re4 30. Rh1 Rg4 31. Rhh2 d5 32. Rh3 c6 33. b4 Rf7 34. Ke1 Rg1+ 35. Rf1 Rg4 36. Rf2 Rg1+ 37. Rf1 1/2-1/2

[Event "Camaguey 503 op"]
[Site "Camaguey"]
[Date "2017.02.02"]
[Round "3.3"]
[White "Gonzalez Pina, Evelyn"]
[Black "Diaz Garcia, Lianet"]
[Result "1-0"]
[WhiteElo "1690"]
[BlackElo "1789"]
[PlyCount "129"]
[EventDate "2017.02.01"]
[EventType "swiss"]
[EventRounds "9"]
[EventCountry "CUB"]
[SourceTitle "EXT 2023"]
[Source "ChessBase"]
[SourceDate "2022.10.05"]
[SourceVersion "1"]
[SourceVersionDate "2022.10.05"]
[SourceQuality "1"]

1. e4 c5 2. Nf3 e6 3. d4 cxd4 4. Nxd4 Nf6 5. Nc3 d6 6. Be3 Be7 7. Be2 0-0 8. Qd2 e5 9. Nb3 Be6 10. Rd1 a6 11. f3 Nc6 12. 0-0 b5 13. a4 b4 14. Nd5 Bxd5 15. exd5 Na5 16. Qxb4 Nxb3 17. Qxb3 Rb8 18. Qc3 Rc8 19. Qd2 a5 20. Bb5 Nd7 21. c3 f5 22. b4 f4 23. Bf2 Nb6 24. Bc6 Bh4 25. Qd3 Bxf2+ 26. Rxf2 Rf6 27. Qa6 Nd7 28. Qxa5 Qxa5 29. bxa5 Nb8 30. Rb2 Nxc6 31. dxc6 Rxc6 32. Rb6 Rc5 33. a6 Ra5 34. Rdxd6 Rxd6 35. Rxd6 Rxa4 36. Rb6 Kf7 37. h4 h5 38. Rc6 Ke7 39. Kf1 e4 40. fxe4 Rxe4 41. Kf2 Ra4 42. Kf3 Ra2 43. c4 Ra4 44. Kxf4 Kd7 45. Rg6 Rxc4+ 46. Kg3 Rc3+ 47. Kf2 Rc2+ 48. Ke3 Ra2 49. a7 Ra3+ 50. Kd2 Ke7 51. Rxg7+ Kf6 52. Rc7 Kf5 53. g3 Kg4 54. Kc2 Ra5 55. Rg7+ Kf3 56. Kb3 Kf2 57. Kb4 Rxa7 58. Rxa7 Kxg3 59. Rg7+ Kxh4 60. Kc3 Kh3 61. Kd3 h4 62. Ke3 Kh2 63. Kf3 Kh3 64. Rh7 Kh2 65. Rxh4+ 1-0